00460 2200181 4500001002100000005001500021008004100036020002200077035001900099041000700118082001000125090001600135100002100151245001900172260004300191300002800234650001600262INLIS00000000000474820241224112954241224||||||||| | ||| |||| || |  a978-602-0832-56-2 0010-1224004748 aid0 a741.3 a741.3 NYO p0 aNyoman Sri Utami00aPergi Ke Hutan aAmerika SerikatbUSAID Prioritasc2015 a16 hlm. : ilus. ; 15 cm 0aCerita Anak